| 000 | 003450000a22000970004500 | ||
|---|---|---|---|
| 100 | 1 | _aCotter, Wendy J. | |
| 245 | 1 | 0 | _aThe parable of the children in the market-place, Q (Lk) 7:31-35 : An examination of the parable's image and significance |
| 300 | _aVol. 29, Num. 4 (Octubre, 1987), Páginas 289-304 | ||
| 773 | 0 | _tNovum Testamentum | |
| 942 | _cANA | ||
| 999 |
_c56739 _d56739 |
||